Obchodné rokovanie
Obchodné rokovanie a jeho ciele. Priebeh obchodného rokovania. Cenové rokovania. Kooperatívne vyjednávanie.
Saved in:
| Main Author: | |
|---|---|
| Format: | Book Chapter |
| Language: | Slovak |
| Subjects: | |
| Tags: |
No Tags, Be the first to tag this record!
|
MARC
| LEADER | 00000naa a2200000 4500 | ||
|---|---|---|---|
| 001 | r049348 | ||
| 005 | 20231005083238.4 | ||
| 041 | 0 | |a slo | |
| 044 | |a SK | ||
| 245 | 1 | 0 | |a Obchodné rokovanie |c Peter Knapik |
| 520 | |a Obchodné rokovanie a jeho ciele. Priebeh obchodného rokovania. Cenové rokovania. Kooperatívne vyjednávanie. | ||
| 610 | 2 | 0 | |a rokovania obchodné |
| 610 | 2 | 0 | |a vyjednávanie |
| 610 | 2 | 0 | |a ceny |
| 610 | 2 | 0 | |a klienti |
| 610 | 2 | 0 | |a psychológia |
| 100 | 1 | |a Knapik, Peter | |